| 000 | 00545nam a22001817a 4500 | ||
|---|---|---|---|
| 008 | 131107b xxu||||| |||| 00| 0 ger d | ||
| 020 | _a3706408325 | ||
| 041 | 0 | _ager | |
| 080 | _a331.103 | ||
| 100 | _aKatzenbach, Jon R. | ||
| 245 |
_aTeams an der Spitze : _cJon R. Katzenbach . |
||
| 260 |
_aFrankfurt / Wien : _bMcKinsey & Company ; _cc1998. |
||
| 300 |
_a286 f. : _bme il. ; _c21 cm. |
||
| 500 | _aAnmerkungen = [Shënimet] : f. [283] - 286 | ||
| 650 | 0 | _aPuna | |
| 650 | _aPunësimi | ||
| 942 |
_2udc _cBK |
||
| 999 |
_c248 _d248 |
||